000 00855nam a2200265Ia 4500
001 Para_1223
003 CHAP
008 220125s1992 xx 000 0 und d
010 _a199949
040 _cCHAP
082 _aPA 632 C6 1992
111 _aCongreso Nacional de la Sociedad de Fitopatología (19:1992:Buenavista, Saltillo Coahuila)
_9164980
245 _aMemorias /
_c por Sociedad Mexicana de Fitopatología, Universidad Autónoma Agraria Antonio Narro
260 _aBuenavista, Saltillo Coahuila :
_b La sociedad
300 _a219 p.
650 _aFitopatología
_x Congresos
_941165
710 _aSociedad Mexicana de Fitopatología
_9108088
901 _aPA 632 C6 1992
902 _aA
905 _a0000001992 0000000000 00
910 _a1992
942 _cPARA
942 _cPARA
_d1
999 _c199949
_d199949